مكتبة جامعة عجلون الوطنية

فهرس بحث المكتبة

القيم الاخلاقية في عالم المال والاعمال=Ethics in the world of business (Record no. 17655)

MARC details
000 -LEADER
fixed length control field 00796nam a2200217Ii 4500
003 - CONTROL NUMBER IDENTIFIER
control field JO-AjNU
008 - FIXED-LENGTH DATA ELEMENTS--GENERAL INFORMATION
fixed length control field 230605s9999||||xx |||||||||||||| ||und||
017 ## - COPYRIGHT OR LEGAL DEPOSIT NUMBER
Copyright or legal deposit number 1986/3019
020 ## - INTERNATIONAL STANDARD BOOK NUMBER
International Standard Book Number 977-05-0413-0
040 ## - CATALOGING SOURCE
Original cataloging agency JO-AjNU
Language of cataloging ara
Description conventions rda
Transcribing agency JO-AjNU
041 ## - LANGUAGE CODE
Language code of text/sound track or separate title ara
050 14 - LIBRARY OF CONGRESS CALL NUMBER
Classification number HF5387.B7212.1986
100 3# - MAIN ENTRY--PERSONAL NAME
Personal name برايبرول،دافيد؛نرجمة:صلاح الدين الشريف,
Relator term author
9 (RLIN) 34371
245 00 - TITLE STATEMENT
Title القيم الاخلاقية في عالم المال والاعمال=Ethics in the world of business
264 31 - PRODUCTION, PUBLICATION, DISTRIBUTION, MANUFACTURE, AND COPYRIGHT NOTICE
Place of production, publication, distribution, manufacture القاهرة:مكتبة الانجلو المصرية؛1986
300 ## - PHYSICAL DESCRIPTION
Extent 688ص
336 ## - CONTENT TYPE
Content type term text
Content type code txt
Source rdacontent
337 ## - MEDIA TYPE
Media type term unmediated
Media type code n
Source rdamedia
338 ## - CARRIER TYPE
Carrier type term volume
Carrier type code nc
Source rdacarrier
650 #4 - SUBJECT ADDED ENTRY--TOPICAL TERM
Topical term or geographic name entry element ادارة الاعمال-الاخلاق
9 (RLIN) 34372
Holdings
Withdrawn status Lost status Source of classification or shelving scheme Damaged status Not for loan Home library Current library Shelving location Date acquired Total Checkouts Full call number Barcode Date last seen Price effective from Koha item type
    Library of Congress Classification     مكتبة جامعة عجلون الوطنية مكتبة جامعة عجلون الوطنية المجموعات العامة 06/06/2023   HF5387.B7212.1986 A14087 06/06/2023 06/06/2023 Books